<?xml version="1.0" encoding="UTF-8"?>
<record
    xmlns:xsi="http://www.w3.org/2001/XMLSchema-instance"
    xsi:schemaLocation="http://www.loc.gov/MARC21/slim http://www.loc.gov/standards/marcxml/schema/MARC21slim.xsd"
    xmlns="http://www.loc.gov/MARC21/slim">

  <leader>05427    a2200241   4500</leader>
  <controlfield tag="001">3733</controlfield>
  <controlfield tag="005">20260407155430.0</controlfield>
  <controlfield tag="008">260407a2010    arg                 spa d</controlfield>
  <controlfield tag="003">AR-UNSa-BCEJYS</controlfield>
  <datafield tag="040" ind1=" " ind2=" ">
    <subfield code="a">AR-UNSa-BCEJYS</subfield>
    <subfield code="b">spa</subfield>
    <subfield code="c">AR-UNSa-BCEJYS</subfield>
  </datafield>
  <datafield tag="080" ind1=" " ind2=" ">
    <subfield code="a">351.9</subfield>
    <subfield code="x">Supervisi&#xF3;n y control de la administraci&#xF3;n p&#xFA;blica</subfield>
  </datafield>
  <datafield tag="245" ind1="1" ind2="0">
    <subfield code="a">Control de la administraci&#xF3;n p&#xFA;blica</subfield>
    <subfield code="p">administrativo, legislativo y judicial</subfield>
  </datafield>
  <datafield tag="020" ind1=" " ind2=" ">
    <subfield code="a">978-987-1313-52-5</subfield>
  </datafield>
  <datafield tag="250" ind1=" " ind2=" ">
    <subfield code="a">2a. ed.</subfield>
  </datafield>
  <datafield tag="264" ind1=" " ind2="1">
    <subfield code="a">Buenos Aires :</subfield>
    <subfield code="b">Ediciones Rap</subfield>
    <subfield code="c">2010</subfield>
  </datafield>
  <datafield tag="300" ind1=" " ind2=" ">
    <subfield code="a">785 p.</subfield>
    <subfield code="c">24 cm.</subfield>
  </datafield>
  <datafield tag="505" ind1=" " ind2=" ">
    <subfield code="a">1. El control de la administraci&#xF3;n p&#xFA;blica / Jaime Rodr&#xED;guez Arana-Mu&#xF1;oz - 2. El control judicial de las desiciones del Consejo de la Magistratura / Julio Rodolfo Comadira - 3. Formas y &#xF3;rganos de control sobre la administraci&#xF3;n p&#xFA;blica de la provincia de Buenos Aires / Miguel &#xC1;ngel Marafuschi - 4. El Fiscal de Estado / Carlos R. Tribi&#xF1;o - 5. El control interno de la administraci&#xF3;n p&#xFA;blica en el &#xE1;mbito nacional: la Sindicatura General de la Naci&#xF3;n / Martha Zilli de Miranda - 6. Proceso contencioso administrativo y habilitaci&#xF3;n de instancia / Pablo E. Perrino - 7. La legitimaci&#xF3;n en el preoceso contenciosos administrativo / H&#xE9;ctor Mairal - 8. Justicia federal y emergencia econ&#xF3;mica / Agust&#xED;n Gordillo - 9. El control judicial de la actividad jurisdiccional de la administraci&#xF3;n p&#xFA;blica / Luis J. Per&#xE9;z Colman - 10. El control interno en la administraci&#xF3;n p&#xFA;blica en el &#xE1;mbito nacional / Eduardo Mertehiki&#xE1;n - 11. Control administrativo, judicial y legislativo sobre las universidades p&#xFA;blicas / Alfredo S. Gusman - 12. La inactividad de la administraci&#xF3;n y su control / Tom&#xE1;s Hutchinson - 13. El agotamiento de la instancia administrativa / Laura Monti - 14. Control judicial de la potestad sancionatoria de la administraci&#xF3;n / Alejandro Uslenghi - 15. El plazo de caducidad para demandar al estado / Horacio P. Diez - 16. La materia contencioso administrativa.El criterio subjetivo / Carlos Botassi - 17. Los lineamientos del proceso contencioso administrativo en la Ciudad Autonoma de Buenos Aires / Juan O. Gauna - 18. El control de la actividad administrativa por el &#xF3;rgano judicial en la provincia de C&#xF3;rdoba / Juan I. Altamira Gigena - 19. Tribunal de cuentas.Importancia y alcance del control previo.Nuevas perspectiva / Domingo Sesin - 20. El proceso judicial como medio de control de la actividad de la actividad administrativa.Hacia una nueva especie en el proceso contencioso administrativo.Los proceso de clase / Fernando Garc&#xED;a Pull&#xE9;s - 21. El control judicial de la funci&#xF3;n administrativa de los poderes legislativo y judicial / Mar&#xED;a Jeanneret de P&#xE9;rez Cort&#xE9;s - 22. Las medidas cautelares en el proceso contencioso administrativo / Pablo Gallegos Fedriani - 24. El amparo de la Constituci&#xF3;n / Patricio M. E. Sammartino - 25. Medios y fines en el control constitucional de razonabilidad:el subprincipio de adecuaci&#xF3;n / Juan Cianciardo - 26. El Defensor del Pueblo y el control de la administraci&#xF3;n / Armando Canosa - 27. Renegociac&#xF3;n de las concesiones de servicios p&#xFA;blicos en Mendoza / Alejandro P&#xE9;rez Hualde - 28. El control judicial de la actividad administrativa en la provincia de Santa Fe / Irmgard E. Lepenies - 29. Control de la Administraci&#xF3;n p&#xFA;blica de Santa Fe en el procedimiento administrativo / Justo J. Reyna - 30. El control de la Administraci&#xF3;n p&#xFA;blica  por las organizaciones no gubernamentales / Jorge Luis Salomoni - 31. La Procuraci&#xF3;n del Tesoro de la Naci&#xF3;n.Funciones que desempe&#xF1;a / Rub&#xE9;n M. Citara - 32. Apuntes sobre el control administrativo de los entes reguladores de servicio p&#xFA;blicos / Oscar Aguilar Valdez - 33. El papel de los institutos centrales de control en los ordenamiento jur&#xED;dicos:el modelo argentino /Rodolfo C. Barra - 34. El control judicial bajo la doctrina de la deferencia / Alberto B. Bianchi - 35. El control judicial sobre los servicios p&#xFA;blicos / Guido S. Tawil - 36. El control de las personas p&#xFA;blicas no estatales / Carlos Andreucci - 37. Los recursos administrativos como instrumentos de control / Gustavo E. Silva Tamayo - 38. El control administrativo y legislativo en la ciudad aut&#xF3;noma de Buenos Aires / Pedro J. J. Coviello - 39. Control parlamentario de los decretos de necesidad y urgencia y decretos delegados / Maria Paula Rennella - 40. La oficina nacional anticorrupci&#xF3;n / Jose Massoni - 41. El control de la actividad municipal / Jorge Albertsen - 42. La funci&#xF3;n de control del gasto p&#xFA;blico en la provincia de San Juan / Alberto M. Sanchez - 43. Control judicial de la administraci&#xF3;n p&#xFA;blica en la provincia de San Juan.Aspectos legislativos y jurisprudenciales / Oscar A. Cuadros - 44. La Fiscal&#xED;a de Investigaciones Administrativas / Fabi&#xE1;n O. Canda - 45. Control judicial de la potestad disciplinaria de la administraci&#xF3;n / Miriam M. Ivanega - 46. Ejecuci&#xF3;n de sentencia contra el Estado / Jorge I. Muratorio - 47. Reflexiones sobre el control de la Administraci&#xF3;n P&#xFA;blica / Juan Carlos Cassagne            </subfield>
  </datafield>
  <datafield tag="942" ind1=" " ind2=" ">
    <subfield code="c">BK</subfield>
  </datafield>
  <datafield tag="590" ind1=" " ind2=" ">
    <subfield code="a">niveau_biblio:m niveau_hierar:0</subfield>
  </datafield>
  <datafield tag="100" ind1="1" ind2=" ">
    <subfield code="a">Universidad Austral. Facultad de Derecho</subfield>
  </datafield>
  <datafield tag="700" ind1="1" ind2=" ">
    <subfield code="a">Jornadas sobre control de la administraci&#xF3;n p&#xFA;blica : administrativo, legislativo y judicial (2002 : Buenos Aires)</subfield>
  </datafield>
  <datafield tag="856" ind1="4" ind2="1">
    <subfield code="u">https://biblioeco.unsa.edu.ar/pmb/images/libros/Control de la Administracion Publica-l118345.jpg</subfield>
    <subfield code="y">Imagen de portada</subfield>
    <subfield code="q">image/jpeg</subfield>
  </datafield>
  <datafield tag="999" ind1=" " ind2=" ">
    <subfield code="c">346</subfield>
    <subfield code="d">346</subfield>
  </datafield>
  <datafield tag="952" ind1=" " ind2=" ">
    <subfield code="0">0</subfield>
    <subfield code="1">0</subfield>
    <subfield code="4">0</subfield>
    <subfield code="7">0</subfield>
    <subfield code="a">BCEJYS</subfield>
    <subfield code="b">BCEJYS</subfield>
    <subfield code="c">16</subfield>
    <subfield code="d">2026-04-07</subfield>
    <subfield code="l">0</subfield>
    <subfield code="o">351.9 J82c</subfield>
    <subfield code="p">L118345</subfield>
    <subfield code="r">2026-04-07 15:54:30</subfield>
    <subfield code="w">2026-04-07</subfield>
    <subfield code="y">L</subfield>
  </datafield>
</record>
